The Official Secrets Act.1923 (Record no. 348016)
[ view plain ]
| 000 -LEADER | |
|---|---|
| fixed length control field | 00315 a2200133 4500 |
| 028 ## - PUBLISHER NUMBER | |
| Publisher number | The Ideal Publisher |
| 090 ## - LOCALLY ASSIGNED LC-TYPE CALL NUMBER (OCLC); LOCAL CALL NUMBER (RLIN) | |
| -- | 5612 |
| -- | 5612 |
| 100 ## - MAIN ENTRY--PERSONAL NAME | |
| Personal name | Hamid Ali |
| 245 ## - TITLE STATEMENT | |
| Title | The Official Secrets Act.1923 |
| 250 ## - EDITION STATEMENT | |
| Edition statement | Revised Ed |
| 260 ## - PUBLICATION, DISTRIBUTION, ETC. | |
| Place of publication, distribution, etc. | The Ideal Publishers |
| 300 ## - PHYSICAL DESCRIPTION | |
| Extent | 18 |
| 942 ## - ADDED ENTRY ELEMENTS (KOHA) | |
| Institution code [OBSOLETE] | NBS |
| Koha item type | Reference |
| Call number prefix | 648.95491 ALI |
| Withdrawn status | Lost status | Damaged status | Not for loan | Permanent Location | Current Location | Date acquired | Full call number | Barcode | Date last seen | Price effective from | Koha item type |
|---|---|---|---|---|---|---|---|---|---|---|---|
| NUST Law School (NLS) | NUST Law School (NLS) | 08/28/2013 | 648.95491 ALI | NBS8087 | 08/28/2013 | 08/28/2013 | Reference |
